000 00365nam a2200157Ia 4500
008 151213s9999 xx 000 0 und d
100 _aS.Khalid Rshid
245 _aMuslim Laws
_cS.Khalid Rshid
250 _a4th
260 _aNew Delhi
_bEastern Book
_c2004
300 _a7896 p.
650 _aLaw
650 _aLaw
700 _aS.Khalid Rshid
999 _c4048
_d4048